000 00693nam a22001577a 4500
003 OSt
005 20151203085150.0
008 151203b xxu||||| |||| 00| 0 eng d
040 _cRUA
082 _aFIS CHU 2008 B180 Or.1
100 _94177
_aCHUOP, SONIVORTH.
245 _aStudy of importance and catch of small-sized fish in tonle sap river kandal province phnom penh, ការសិក្សាពីសារៈសំខាន់និងផលចាប់ត្រីល្អិតតាមដងទន្លេសាផ ខេត្តកណ្ដាល ក្រុងភ្នំពេញ
260 _aPhnom Penh
_bRUA
_c2008
300 _axii; 48p.
_bill.
_c29cm.
942 _2ddc
_cFIS
999 _c3890
_d3890